| 000 | 00776nas a2200265 4500 | ||
|---|---|---|---|
| 001 | BR7502723 | ||
| 003 | BR-BrBNA | ||
| 005 | 20231205082821.0 | ||
| 007 | ta | ||
| 008 | 230509b bl.|||p| |||| 00| 00por d | ||
| 040 |
_aBR-BrBNA _bpor _cBiblioteca Nacional de Agricultura |
||
| 041 | _a(Pt) | ||
| 072 | _aS10 | ||
| 100 | 1 | _aRotenberg, B. | |
| 100 | 1 | _aIachan, A. | |
| 245 | 1 | _aEstudo da proteina da castanha do Para [Bertholettia excelsa] | |
| 650 | _aComposicao de alimento | ||
| 650 | _aCastanha do Para | ||
| 650 | _aProteina | ||
| 650 | _aAnalise de alimento | ||
| 650 | _aValor nutritivo | ||
| 773 | 0 |
_tInformativo do INT (Brazil) _xISSN 0019-0233 _g(Apr 1975), v. 8(7) p. 22-24 _wBR7502723 |
|
| 909 |
_a202311 _bLúcia _c55 _dLúcia Elande |
||
| 942 |
_2AGRIS _n0 _cANA |
||
| 999 |
_c94408 _d94408 |
||